| 000 | 00000nam##2200000za#4500 |
| 001 | 9.625343 |
| 003 | CaOODSP |
| 005 | 20200511142756 |
| 007 | ta |
| 008 | 150406|1999||||xxc||||| f|0| 0 fre|d |
| 020 | |a1-895643-89-9 |
| 040 | |aCaOODSP|bfre |
| 043 | |an-cn--- |
| 086 | 1 |aEn133-5/7-1999F |
| 110 | 2 |aTable ronde nationale sur l'environnement et l'économie (Canada) |
| 245 | 10|aProposition de politiques complémentaires à un système national d'échanges de droits d'émission de gaz à effet de serre / |cpar Chris Rolfe, Erik Haites and Robert Hornung. |
| 260 | |aOttawa - Ontario : |bTable ronde nationale sur l'environnement et l'économie |c1999. |
| 300 | |aiv, 22p. : |bréférences, tableaux ; |c28 cm. |
| 490 | 1 |aDroits d'échange d'émission nationaux des gaz à effet de serre, série de documents techniques |
| 500 | |a«Cet exposé examine plusieurs différents types de politiques qui pourraient compléter la mise en application d'un système national d'échange des droits d'émissions des gaz à effet de serre au Canada. Il propose une analyse raisonnée pour l'utilisation de ces types de politiques qui pourraient être mises en oeuvre pour atteindre les objectifs.»--Introduction. |
| 520 | 3 |aCet exposé examine plusieurs différents types de politiques qui pourraient compléter la mise en application d'un système national d'échange des droits d'émissions des gaz à effet de serre au Canada. Il propose une analyse raisonnée pour l'utilisation de ces types de politiques qui pourraient être mises en oeuvre pour atteindre les objectifs.--Introduction |
| 563 | |aReliure à spirale |
| 590 | |a00-25|b2000-06-23 |
| 691 | 07|aPolitique environnementale|2gcpds |
| 691 | 07|aGestion de l'environnement|2gcpds |
| 691 | 07|aLutte contre la pollution|2gcpds |
| 691 | 07|aEffet de serre|2gcpds |
| 691 | 07|aClimat|2gcpds |
| 720 | 1 |aHaites, Erik |
| 720 | 1 |aHornung, Robert |
| 720 | 1 |aRolfe, Chris |
| 776 | 0#|tProposition de politiques complémentaires à un système national d'échanges de droits d'émission de gaz à effet de serre / |w(CaOODSP)9.605992 |
| 830 | #0|aDroits d'échange d'émission nationaux des gaz à effet de serre, série de documents techniques.|w(CaOODSP)9.512950 |